Library of the University of Algiers 3
Ibrahim Sultan Cheibout
شعار جامعة الجزائر 3
مكتبة جامعة الجزائر 3
إبراهيم سلطان شيبوط

إحلال ضريبة المبيعات والتجارة الخارجية : (رقم التسجيلة. 45077)

تفاصيل مارك
000 -LEADER
fixed length control field 01138nam a2200229Ia 4500
003 - CONTROL NUMBER IDENTIFIER
control field Ost
005 - DATE AND TIME OF LATEST TRANSACTION
control field 20260507075612.0
008 - FIXED-LENGTH DATA ELEMENTS--GENERAL INFORMATION
fixed length control field 260507s9999||||xx |||||||||||||| ||und||
020 ## - INTERNATIONAL STANDARD BOOK NUMBER
International Standard Book Number 97754330X
040 ## - CATALOGING SOURCE
Transcribing agency fsecg
041 ## - LANGUAGE CODE
Language code of text/sound track or separate title ara
082 ## - DEWEY DECIMAL CLASSIFICATION NUMBER
Classification number 336.243
100 ## - MAIN ENTRY--PERSONAL NAME
Personal name عبد الغني، يحيى
Relator term مؤلف
245 #0 - TITLE STATEMENT
Title إحلال ضريبة المبيعات والتجارة الخارجية :
Remainder of title الأثر في ظل اتفاقات التجارة العالمية /
Statement of responsibility, etc. يحيى عبد الغني
260 ## - PUBLICATION, DISTRIBUTION, ETC.
Place of publication, distribution, etc. الاسكندرية:
Name of publisher, distributor, etc. مركز دلتا للطباعة,
Date of publication, distribution, etc. 1998
300 ## - PHYSICAL DESCRIPTION
Extent 103 صفحة؛
Other physical details إيضاحات ؛
Dimensions 19 سم
504 ## - BIBLIOGRAPHY, ETC. NOTE
Bibliography, etc. note المراجع ص.97 الملاحق ص.91
520 ## - SUMMARY, ETC.
Summary, etc. مفهوم الضريبة على القيمة المضافة ومضمونها، ملامح الضريبة العامة على المبيعات وتطورها في مصر خلال التسعينيات، الآثار المحتملة لاحلال ضريبة القيمة المضافة على وضع التجارة الدولية
653 ## - INDEX TERM--UNCONTROLLED
Uncontrolled term التجارة الدولية
653 ## - INDEX TERM--UNCONTROLLED
Uncontrolled term الضرائب
942 ## - ADDED ENTRY ELEMENTS (KOHA)
Koha item type كتب
المقتنيات
Withdrawn status Lost status Source of classification or shelving scheme Damaged status Not for loan Home library Current library Date acquired Serial enumeration / chronology Inventory number Total checkouts Full call number Barcode Date last seen Price effective from Koha item type
    Dewey Decimal Classification   NOT LOAN / إعارة داخلية مكتبة كلية العلوم الإقتصادية والعلوم التجارية وعلوم التسيير مكتبة كلية العلوم الإقتصادية والعلوم التجارية وعلوم التسيير 07/05/2026 الطابق الأرضي 628/1   أ/628ن1 628/1 07/05/2026 07/05/2026 كتب

موارد الويب المفتوحة


© University of Algiers 3 All Rights Reserved
|
Implemented by LECHELAH Riad